| 000 | 00891nam a2200229 a 4500 | ||
|---|---|---|---|
| 001 | 21265 | ||
| 003 | CO-ViMGA | ||
| 008 | 141112s2004 ck r 000 u spa d | ||
| 020 | _a842342152X | ||
| 040 |
_aCO-ViMGA _bspa _cCO-ViMGA |
||
| 082 | 0 | 4 | _a658.82 N424d |
| 100 | 1 |
_aNickson, David _930307 |
|
| 245 | 1 | 0 |
_aDiseño y gestión de ofertas comerciale : _bEstrategias que funcionan para potenciar las ventas |
| 260 |
_aBarcelona; Deusto, _c2004 |
||
| 300 | _a306 | ||
| 505 | _aDirección y gestión de ofertas 17 - - Redacción y edición 121 - - Tecnicas y habilidades personales 183 | ||
| 590 | _aForma de adquisición : Compra fact. 0857 - - Precio : 75000 - - Proveedor : Temas y libros - - Fecha de adquisición : Mayo 2007 | ||
| 650 | 1 | 4 |
_aESTRATEGIA COMERCIAL _930308 |
| 650 | 1 | 4 | _aPROMOCION DE VENTAS |
| 650 | 1 | 4 |
_aVENTAS - DIRECCION Y ADMINISTRACION _930309 |
| 942 |
_2ddc _cBK |
||
| 999 |
_c29893 _d29893 |
||